|
|
|
|
| LEADER |
00000nam0a2200000 4500 |
| 001 |
168746 |
| 005 |
20231101222758.0 |
| 035 |
|
|
|a (RuTPU)RU\TPU\book\183064
|
| 090 |
|
|
|a 168746
|
| 100 |
|
|
|a 20091102d1959 m y0rusy50 ca
|
| 101 |
0 |
|
|a rus
|
| 102 |
|
|
|a RU
|
| 105 |
|
|
|a y z 001zy
|
| 200 |
1 |
|
|a Принципы научного анализа языка
|e сборник
|f Академия общественных наук при ЦК КПСС ; под ред. Т. А. Дегтеревой
|
| 210 |
|
|
|a Москва
|c Изд-во ВПШ и АОН
|d 1959
|
| 215 |
|
|
|a 163 с.
|
| 320 |
|
|
|a Библиогр. в примеч.:
|
| 610 |
1 |
|
|a язык
|
| 610 |
1 |
|
|a научный анализ
|
| 610 |
1 |
|
|a языкознание
|
| 610 |
1 |
|
|a грамматика
|
| 610 |
1 |
|
|a фразеология
|
| 610 |
1 |
|
|a словосочетания
|
| 610 |
1 |
|
|a глаголы
|
| 610 |
1 |
|
|a русский язык
|
| 610 |
1 |
|
|a преподавание
|
| 686 |
|
|
|a Ш1
|2 rubbk
|
| 702 |
|
1 |
|a Дегтерева
|b Т. А.
|4 340
|
| 712 |
0 |
2 |
|a Академия общественных наук при ЦК КПСС
|2 stltpush
|3 (RuTPU)RU\TPU\col\11311
|9 25033
|
| 801 |
|
1 |
|a RU
|b 63413507
|c 20091102
|
| 801 |
|
2 |
|a RU
|b 63413507
|c 20170904
|g RCR
|
| 942 |
|
|
|c BK
|